[Event "SUI-ch 119th"]
[Site "Leukerbad"]
[Date "2019.07.19"]
[Round "9"]
[White "Ekstroem, Roland"]
[Black "Fischer, Daniel1111"]
[Result "1/2-1/2"]
[WhiteElo "2386"]
[BlackElo "2287"]
[PlyCount "83"]
[EventDate "2019.07.11"]
[EventType "tourn"]
[EventRounds "9"]
[EventCountry "SUI"]
[EventCategory "6"]
[SourceTitle "EXT 2020"]
[Source "ChessBase"]
[SourceDate "2019.10.17"]
[SourceVersion "1"]
[SourceVersionDate "2019.10.17"]
[SourceQuality "1"]

1. d4 Nf6 2. Nf3 e6 3. c4 b6 4. g3 Ba6 5. Qa4 Bb7 6. Bg2 c5 7. dxc5 bxc5 8. 0-0 Be7 9. Nc3 0-0 10. Bf4 Qb6 11. Qb3 d6 12. Rfd1 Rd8 13. Rd2 Nh5 14. Qxb6 axb6 15. Bg5 Kf8 16. Rad1 Nf6 17. Bxf6 gxf6 18. b3 Bc6 19. a4 Ra7 20. Ne1 Bxg2 21. Nxg2 Nc6 22. Nb5 Rad7 23. Nf4 f5 24. e3 Na7 25. Nxa7 Rxa7 26. Ne2 Rad7 27. Nc3 Bf6 28. Rd3 Ke7 29. Kf1 Bxc3 30. Rxc3 d5 31. cxd5 Rxd5 32. Rxd5 Rxd5 33. Ke2 Kf6 34. Rc4 Rd7 35. b4 cxb4 36. Rxb4 Rd6 37. Rh4 Kg6 38. Rf4 Rd5 39. h3 b5 40. a5 b4 41. Rxb4 Rxa5 42. Kf3 1/2-1/2

[Event "SUI-ch 119th"]
[Site "Leukerbad"]
[Date "2019.07.16"]
[Round "6"]
[White "Kurmann, Oliver"]
[Black "Ekstroem, Roland"]
[Result "0-1"]
[WhiteElo "2427"]
[BlackElo "2386"]
[PlyCount "80"]
[EventDate "2019.07.11"]
[EventType "tourn"]
[EventRounds "9"]
[EventCountry "SUI"]
[EventCategory "6"]
[SourceTitle "EXT 2020"]
[Source "ChessBase"]
[SourceDate "2019.10.17"]
[SourceVersion "1"]
[SourceVersionDate "2019.10.17"]
[SourceQuality "1"]

1. e4 e5 2. Nf3 Nc6 3. Bc4 Bc5 4. 0-0 Nf6 5. d3 0-0 6. Re1 d6 7. c3 h6 8. h3 a6 9. a4 Ne7 10. d4 exd4 11. cxd4 Bb4 12. Re2 d5 13. e5 Ne4 14. Bd3 Bf5 15. Qc2 c5 16. dxc5 Rc8 17. Be3 Bxc5 18. Bxc5 Rxc5 19. Qd1 Qc7 20. Na3 Rc8 21. Nd4 Bg6 22. Nb3 Rc6 23. a5 Ng5 24. Re1 Bxd3 25. Qxd3 Ne6 26. Rac1 Rxc1 27. Rxc1 Qxe5 28. Rxc8+ Nxc8 29. Qc2 Nd6 30. h4 Nf4 31. Kf1 g6 32. Nc5 d4 33. g3 Ne6 34. Nxe6 Qxe6 35. Qd2 Qe4 36. Qe1 Qh1+ 37. Ke2 d3+ 38. Kd1 Qf3+ 39. Kc1 Ne4 40. Nc4 Nxf2 0-1

[Event "SUI-ch 119th"]
[Site "Leukerbad"]
[Date "2019.07.12"]
[Round "2"]
[White "Ekstroem, Roland"]
[Black "Gallagher, Joseph G"]
[Result "1/2-1/2"]
[WhiteElo "2386"]
[BlackElo "2437"]
[PlyCount "58"]
[EventDate "2019.07.11"]
[EventType "tourn"]
[EventRounds "9"]
[EventCountry "SUI"]
[EventCategory "6"]
[SourceTitle "EXT 2020"]
[Source "ChessBase"]
[SourceDate "2019.10.17"]
[SourceVersion "1"]
[SourceVersionDate "2019.10.17"]
[SourceQuality "1"]

1. e4 c5 2. Nf3 d6 3. Bb5+ Bd7 4. Bxd7+ Qxd7 5. c4 Nf6 6. Nc3 g6 7. d4 cxd4 8. Nxd4 Bg7 9. f3 0-0 10. 0-0 Rc8 11. b3 d5 12. exd5 Nxd5 13. Nxd5 e6 14. Bh6 exd5 15. Bxg7 Kxg7 16. cxd5 Qxd5 17. Ne2 Qe5 18. Qd4 Nc6 19. Qxe5+ Nxe5 20. Rfe1 Nd3 21. Red1 Re8 22. Rd2 Re3 23. Rad1 Rae8 24. Rxd3 Rxd3 25. Rxd3 Rxe2 26. Rd7 Rxa2 27. Rxb7 a5 28. Ra7 Rb2 29. Rxa5 Rxb3 1/2-1/2

[Event "SUI-ch 118th"]
[Site "Lenzerheide"]
[Date "2018.07.16"]
[Round "5"]
[White "Jenni, Florian"]
[Black "Ekstroem, Roland"]
[Result "1/2-1/2"]
[WhiteElo "2447"]
[BlackElo "2381"]
[PlyCount "171"]
[EventDate "2018.07.12"]
[EventType "tourn"]
[EventRounds "9"]
[EventCountry "SUI"]
[EventCategory "9"]
[SourceTitle "CBM 185 Extra"]
[Source "ChessBase"]
[SourceDate "2018.07.29"]
[SourceVersion "1"]
[SourceVersionDate "2018.07.29"]
[SourceQuality "1"]

1. e4 c5 2. Nf3 g6 3. g3 Nc6 4. Bg2 Bg7 5. 0-0 e5 6. a3 Nge7 7. b4 b6 8. c3 0-0 9. b5 Na5 10. d3 h6 11. c4 a6 12. a4 d6 13. Nc3 Nb7 14. Bb2 Kh7 15. Ne1 axb5 16. axb5 Rxa1 17. Bxa1 Qc7 18. Nc2 Nd8 19. Ne3 Ne6 20. Ned5 Nxd5 21. Nxd5 Qd8 22. Qa4 Bb7 23. Bb2 Nd4 24. Ra1 Bxd5 25. cxd5 Qd7 26. Bxd4 exd4 27. Qa6 Rb8 28. h4 Bf6 29. Kh2 Kg7 30. Bh3 Qc7 31. Qa2 Bd8 32. Qc4 Qe7 33. Kg2 Qb7 34. Ra6 Qe7 35. Kf1 Qb7 36. Qa2 Qe7 37. Qa4 g5 38. h5 Qc7 39. Ke2 Bf6 40. Bf5 Be5 41. Kf3 Bf6 42. Ke2 Be5 43. Kd1 Bf6 44. Kc2 Kf8 45. Kb3 Kg7 46. Kc4 Kf8 47. Qa1 Kg7 48. f4 Kf8 49. Ra7 Rb7 50. Ra8+ Rb8 51. Ra6 Rb7 52. Ra8+ Rb8 53. e5 Rxa8 54. Qxa8+ Qd8 55. Qc6 dxe5 56. fxe5 Bxe5 57. Qxh6+ Bg7 58. Qc6 Be5 59. g4 Bd6 60. h6 Kg8 61. Qb7 Bc7 62. Qc6 Bd6 63. Qb7 Bc7 64. Be4 Kh8 65. d6 Qxd6 66. Qc8+ Bd8 67. Bf5 Kg8 68. Qa8 Kh8 69. Qe4 Be7 70. Qd5 Qxh6 71. Qxf7 Bf8 72. Be6 Qg7 73. Qh5+ Qh6 74. Qf7 Qg7 75. Qh5+ Qh6 76. Qxh6+ Bxh6 77. Kd5 c4 78. Kc6 cxd3 79. Kxb6 Bg7 80. Kc6 Be5 81. Bb3 Kg7 82. Kd5 Kf6 83. b6 Bf4 84. Kxd4 Ke7 85. Kxd3 Kd7 86. Ke4 1/2-1/2

[Event "SUI-ch 118th"]
[Site "Lenzerheide"]
[Date "2018.07.14"]
[Round "3"]
[White "Pelletier, Yannick"]
[Black "Ekstroem, Roland"]
[Result "0-1"]
[WhiteElo "2551"]
[BlackElo "2381"]
[PlyCount "108"]
[EventDate "2018.07.12"]
[EventType "tourn"]
[EventRounds "9"]
[EventCountry "SUI"]
[EventCategory "9"]
[SourceTitle "CBM 185 Extra"]
[Source "ChessBase"]
[SourceDate "2018.07.29"]
[SourceVersion "1"]
[SourceVersionDate "2018.07.29"]
[SourceQuality "1"]

1. d4 Nf6 2. Nf3 d5 3. Bf4 c5 4. e3 Nc6 5. Nbd2 Qb6 6. dxc5 Qxc5 7. a3 Bg4 8. h3 Bxf3 9. Nxf3 g6 10. Be2 Bg7 11. 0-0 0-0 12. c3 Qb6 13. Rb1 Rfd8 14. Qa4 Rac8 15. Qb5 Qxb5 16. Bxb5 Na5 17. Rfd1 Nc4 18. Ne5 Nxe5 19. Bxe5 Ne4 20. Bxg7 Kxg7 21. Be2 e6 22. Rd4 Nf6 23. Rbd1 Re8 24. Ra4 a6 25. Rb4 Re7 26. a4 Rc5 27. Ra1 Rec7 28. a5 Ne4 29. Rb6 Kf8 30. Bd3 Nf6 31. Rb4 Ke7 32. f4 h5 33. Kf2 Ne8 34. e4 Nd6 35. exd5 Rxd5 36. Ke3 Nf5+ 37. Bxf5 gxf5 38. c4 Rdc5 39. Kd4 f6 40. Re1 Rxa5 41. Rb6 e5+ 42. fxe5 Rd7+ 43. Kc3 Rxe5 44. Rxe5+ fxe5 45. Rh6 e4 46. Rxh5 Ke6 47. Rh6+ Ke5 48. Rg6 e3 49. Rg8 Kf4 50. Re8 Rg7 51. g4 Kf3 52. gxf5 e2 53. Kd4 Rd7+ 54. Kc5 Kf2 0-1

[Event "SUI-ch 117th"]
[Site "Graechen"]
[Date "2017.07.21"]
[Round "9"]
[White "Jenni, Florian"]
[Black "Ekstroem, Roland"]
[Result "0-1"]
[WhiteElo "2467"]
[BlackElo "2376"]
[PlyCount "144"]
[EventDate "2017.07.13"]
[EventType "swiss"]
[EventRounds "9"]
[EventCountry "SUI"]
[SourceTitle "EXT 2018"]
[Source "ChessBase"]
[SourceDate "2017.10.13"]
[SourceVersion "1"]
[SourceVersionDate "2017.10.13"]
[SourceQuality "1"]

1. e4 e5 2. Nf3 Nc6 3. Bb5 Nf6 4. d3 d6 5. 0-0 Bd7 6. Re1 g6 7. d4 Bg7 8. d5 Ne7 9. Bxd7+ Nxd7 10. c4 0-0 11. Nc3 h6 12. b4 a5 13. Ba3 Kh7 14. bxa5 Rxa5 15. Bb4 Ra6 16. a4 f5 17. Nd2 Ng8 18. Qc2 Rf7 19. a5 Bf8 20. Na4 fxe4 21. Nxe4 Ngf6 22. Ra3 Nxe4 23. Rxe4 Nf6 24. Re1 Qd7 25. Nc3 c5 26. dxc6 Rxc6 27. Na4 Qf5 28. Qe2 Qg4 29. Qxg4 Nxg4 30. Nb6 h5 31. h3 Nh6 32. Rd1 Nf5 33. Rf3 Kg8 34. Bc3 Rc5 35. Rd5 Rxd5 36. Nxd5 Ne7 37. Nf6+ Kh8 38. c5 Nc6 39. cxd6 Bxd6 40. Ne4 Rxf3 41. gxf3 Bc7 42. f4 Bxa5 43. Bxa5 Nxa5 44. fxe5 b5 45. Kf1 Kg7 46. Ke2 Nc6 47. f4 Nd4+ 48. Ke3 Ne6 49. Nd2 h4 50. Nb3 g5 51. f5 Nf4 52. Nc5 Nxh3 53. e6 Nf4 54. Ne4 h3 55. f6+ Kg6 56. e7 Nd5+ 57. Kf3 Nc7 58. Nxg5 h2 59. e8Q+ Nxe8 60. Kg2 Nxf6 61. Ne6 Ng4 62. Nd4 b4 63. Nb3 Kf5 64. Nc5 Kf6 65. Kh1 Ke7 66. Nb3 Kd6 67. Kg2 Kd5 68. Nd2 Kd4 69. Nb3+ Kc3 70. Nc1 Kc2 71. Ne2 Ne3+ 72. Kxh2 Nf5 0-1

[Event "Sliema XYChess"]
[Site "Sliema"]
[Date "2015.01.12"]
[Round "6"]
[White "Ekstroem, Roland"]
[Black "Przedmojski, Rafal"]
[Result "1/2-1/2"]
[WhiteElo "2396"]
[BlackElo "2367"]
[PlyCount "115"]
[EventDate "2015.01.09"]
[EventType "tourn"]
[EventRounds "9"]
[EventCountry "MLT"]
[EventCategory "3"]
[SourceTitle "CBM 164 Extra"]
[Source "ChessBase"]
[SourceDate "2015.03.02"]
[SourceVersion "1"]
[SourceVersionDate "2015.03.02"]
[SourceQuality "1"]

1. c4 c6 2. e4 e6 3. d4 d5 4. exd5 exd5 5. cxd5 Qxd5 6. Nc3 Bb4 7. Nf3 Bg4 8. Be2 Bxf3 9. Bxf3 Qc4 10. Qe2+ Qxe2+ 11. Kxe2 Nf6 12. a3 Ba5 13. Rd1 Nbd7 14. Be3 0-0 15. Rac1 Rfe8 16. Kf1 Bb6 17. Na4 h6 18. h3 Re7 19. b4 Nd5 20. Bxd5 cxd5 21. Nc5 Nf8 22. Bf4 Bc7 23. Nd3 Ne6 24. Re1 Bb6 25. Nc5 Rd8 26. Nxe6 Rxe6 27. Rxe6 fxe6 28. Be5 Kf7 29. Ke2 Rd7 30. a4 a6 31. g4 Bd8 32. f4 b5 33. axb5 axb5 34. Rc5 Rb7 35. Bd6 g6 36. Rc8 Bf6 37. Bc5 g5 38. Kf3 Kg6 39. Rc6 Kf7 40. f5 exf5 41. gxf5 h5 42. Rd6 Re7 43. Rxd5 Re1 44. Rd7+ Kg8 45. Rb7 Rh1 46. Kg2 Rd1 47. Rxb5 Bxd4 48. Rb6 Kf7 49. Bxd4 Rxd4 50. f6 Rd3 51. b5 Rb3 52. Kh2 Kg6 53. Kg2 Kf7 54. Kh2 Kg6 55. Kg2 Kf7 56. Kh2 Kg6 57. Kg2 Kf7 58. Kh2 1/2-1/2

[Event "Sliema XYChess"]
[Site "Sliema"]
[Date "2015.01.11"]
[Round "4"]
[White "Ekstroem, Roland"]
[Black "Ahlander, Bjorn"]
[Result "1/2-1/2"]
[WhiteElo "2396"]
[BlackElo "2406"]
[PlyCount "26"]
[EventDate "2015.01.09"]
[EventType "tourn"]
[EventRounds "9"]
[EventCountry "MLT"]
[EventCategory "3"]
[SourceTitle "CBM 164 Extra"]
[Source "ChessBase"]
[SourceDate "2015.03.02"]
[SourceVersion "1"]
[SourceVersionDate "2015.03.02"]
[SourceQuality "1"]

1. d4 g6 2. e4 Bg7 3. f4 d6 4. Nc3 Nf6 5. Nf3 c5 6. Bb5+ Bd7 7. e5 Ng4 8. e6 fxe6 9. Ng5 Bxb5 10. Nxe6 Bxd4 11. Nxd8 Bf2+ 12. Kd2 Be3+ 13. Ke1 Bf2+ 1/2-1/2

[Event "Sliema XYChess"]
[Site "Sliema"]
[Date "2015.01.09"]
[Round "1"]
[White "Oliveira, Carlos Andre Ramalh"]
[Black "Ekstroem, Roland"]
[Result "0-1"]
[WhiteElo "2075"]
[BlackElo "2396"]
[PlyCount "96"]
[EventDate "2015.01.09"]
[EventType "tourn"]
[EventRounds "9"]
[EventCountry "MLT"]
[EventCategory "3"]
[SourceTitle "CBM 164 Extra"]
[Source "ChessBase"]
[SourceDate "2015.03.02"]
[SourceVersion "1"]
[SourceVersionDate "2015.03.02"]
[SourceQuality "1"]

1. d4 d5 2. c4 dxc4 3. e4 Nf6 4. Nc3 e5 5. Bxc4 exd4 6. e5 Qe7 7. Nf3 dxc3 8. 0-0 Ne4 9. Qa4+ Nd7 10. e6 fxe6 11. Re1 Nec5 12. Qc2 Nb6 13. Bg5 Qf7 14. Rad1 Bd6 15. b4 0-0 16. bxc5 Nxc4 17. Qxc3 e5 18. cxd6 cxd6 19. Bh4 h6 20. Nd2 Be6 21. Nxc4 Rac8 22. Nxd6 Rxc3 23. Nxf7 Rxf7 24. Rxe5 Bxa2 25. Ra5 Bb3 26. Rb1 b6 27. Ra3 Bc2 28. Rxc3 Bxb1 29. f3 Rb7 30. Be1 Ba2 31. g4 a5 32. Ra3 Bc4 33. Ra4 Bb3 34. Rd4 a4 35. Bb4 Ra7 36. Ba3 Rc7 37. Rd2 b5 38. Kg2 Kf7 39. Kg3 Be6 40. h4 Rc3 41. Bb4 Rb3 42. Bc5 g5 43. hxg5 hxg5 44. Rd6 Bc4 45. Rd7+ Ke8 46. Rg7 Kd8 47. Rxg5 b4 48. Rg8+ Bxg8 0-1

[Event "SUI-chT"]
[Site "Switzerland"]
[Date "2014.06.29"]
[Round "5.4"]
[White "Kraemer, Martin"]
[Black "Ekstroem, Roland"]
[Result "1-0"]
[WhiteElo "2546"]
[BlackElo "2370"]
[PlyCount "123"]
[EventDate "2014.03.16"]
[EventType "team-tourn"]
[EventRounds "9"]
[EventCountry "SUI"]
[SourceTitle "EXT 2015"]
[Source "ChessBase"]
[SourceDate "2014.11.20"]
[SourceVersion "1"]
[SourceVersionDate "2014.11.20"]
[SourceQuality "1"]
[WhiteTeam "Luzern"]
[BlackTeam "Reti"]
[WhiteTeamCountry "SUI"]
[BlackTeamCountry "SUI"]

1. d4 d5 2. c4 dxc4 3. Nf3 Nf6 4. e3 e6 5. Bxc4 c5 6. 0-0 Nc6 7. Nc3 a6 8. Bb3 Be7 9. dxc5 Bxc5 10. Qe2 Qc7 11. Bd2 0-0 12. Rac1 Bd6 13. e4 Ng4 14. h3 Nh2 15. Nxh2 Bxh2+ 16. Kh1 Bf4 17. Bxf4 Qxf4 18. Rfd1 Qc7 19. Qe3 Rd8 20. Rxd8+ Qxd8 21. Na4 Rb8 22. Qf4 Bd7 23. Nc5 g5 24. Qe3 Be8 25. e5 h6 26. Rd1 Qe7 27. Rd6 Rd8 28. Nxe6 Rxd6 29. exd6 Qxd6 30. Nxg5 Qe5 31. Ne4 Kg7 32. Nd6 Qxd6 33. Qxe8 Qf6 34. Qe2 Nd4 35. Qg4+ Kf8 36. Qc8+ Kg7 37. Qg4+ Kf8 38. Qg3 h5 39. Qb8+ Kg7 40. Qg3+ Kf8 41. Bd5 h4 42. Qe3 b5 43. b4 Kg7 44. Qd2 Qe5 45. Bb7 Ne2 46. Qd1 Nc3 47. Qa1 Qd4 48. Bxa6 f6 49. Bxb5 Nxb5 50. Qxd4 Nxd4 51. a4 Kg6 52. a5 Kf5 53. a6 Nb5 54. g3 hxg3 55. fxg3 Ke4 56. Kg2 Na7 57. h4 Nb5 58. Kf2 Kf5 59. Kf3 Nd4+ 60. Ke3 Nb5 61. h5 Kg5 62. g4 1-0

[Event "SUI-chT"]
[Site "Switzerland"]
[Date "2013.06.22"]
[Round "4.4"]
[White "Brunner, Lucas"]
[Black "Ekstroem, Roland"]
[Result "1/2-1/2"]
[WhiteElo "2449"]
[BlackElo "2420"]
[PlyCount "46"]
[EventDate "2013.03.17"]
[EventType "team-tourn"]
[EventRounds "9"]
[EventCountry "SUI"]
[SourceTitle "EXT 2014"]
[Source "ChessBase"]
[SourceDate "2013.11.20"]
[SourceVersion "1"]
[SourceVersionDate "2013.11.20"]
[SourceQuality "1"]
[WhiteTeam "Zuerich"]
[BlackTeam "Reti"]
[WhiteTeamCountry "SUI"]
[BlackTeamCountry "SUI"]

1. d4 Nf6 2. Nf3 g6 3. c4 Bg7 4. g3 c6 5. Bg2 0-0 6. 0-0 d5 7. Nbd2 Bf5 8. b3 a5 9. Bb2 b5 10. Ne5 Qb6 11. e3 bxc4 12. g4 Be6 13. Ba3 c3 14. Nb1 Nxg4 15. Nxg4 c2 16. Qxc2 Bxg4 17. Bxe7 Re8 18. Bd6 Na6 19. Nc3 Rac8 20. Bg3 c5 21. Nxd5 Qa7 22. Qd2 cxd4 23. exd4 Qxd4 1/2-1/2

[Event "Mitropa Cup 32nd"]
[Site "Meissen"]
[Date "2013.06.09"]
[Round "9.4"]
[White "Ekstroem, Roland"]
[Black "Bluebaum, Matthias"]
[Result "1/2-1/2"]
[WhiteElo "2420"]
[BlackElo "2521"]
[PlyCount "84"]
[EventDate "2013.06.01"]
[EventType "team-tourn"]
[EventRounds "9"]
[EventCountry "GER"]
[SourceTitle "CBM 154 Extra"]
[Source "ChessBase"]
[SourceDate "2013.06.25"]
[SourceVersion "2"]
[SourceVersionDate "2013.06.25"]
[SourceQuality "1"]
[WhiteTeam "Switzerland"]
[BlackTeam "Germany"]
[WhiteTeamCountry "SUI"]
[BlackTeamCountry "GER"]

1. c4 c6 2. d4 d5 3. e3 Bf5 4. cxd5 cxd5 5. Qb3 Qc7 6. Bb5+ Nd7 7. Nc3 e6 8. Bd2 Ne7 9. Nf3 Nc6 10. 0-0 a6 11. Be2 Be7 12. Rfc1 0-0 13. Na4 Rac8 14. Bd3 Bxd3 15. Qxd3 Rfd8 16. h3 Qb8 17. Qe2 e5 18. dxe5 b5 19. Nc3 Ndxe5 20. Re1 Nxf3+ 21. Qxf3 Ne5 22. Qe2 Nc4 23. Nd1 Nxd2 24. Qxd2 Qe5 25. Nc3 Bb4 26. Rac1 d4 27. exd4 Rxd4 28. Rxe5 Rxd2 29. Re2 Rcd8 30. Rc2 Bxc3 31. bxc3 Rxe2 32. Rxe2 Kf8 33. a4 bxa4 34. Ra2 a5 35. Kf1 Ke7 36. Rxa4 Ra8 37. Ke2 Kd6 38. Kd3 Kc5 39. Rc4+ Kd6 40. Ra4 Kc5 41. Rc4+ Kd6 42. Ra4 Kc5 1/2-1/2

[Event "Mitropa Cup 32nd"]
[Site "Meissen"]
[Date "2013.06.08"]
[Round "8.2"]
[White "Ekstroem, Roland"]
[Black "Stajner, Samo"]
[Result "1/2-1/2"]
[WhiteElo "2420"]
[BlackElo "2321"]
[PlyCount "86"]
[EventDate "2013.06.01"]
[EventType "team-tourn"]
[EventRounds "9"]
[EventCountry "GER"]
[SourceTitle "CBM 154 Extra"]
[Source "ChessBase"]
[SourceDate "2013.06.25"]
[SourceVersion "2"]
[SourceVersionDate "2013.06.25"]
[SourceQuality "1"]
[WhiteTeam "Switzerland"]
[BlackTeam "Slovenia"]
[WhiteTeamCountry "SUI"]
[BlackTeamCountry "SLO"]

1. d4 d5 2. c4 c6 3. Nf3 Nf6 4. Qb3 dxc4 5. Qxc4 Bf5 6. g3 e6 7. Bg2 Nbd7 8. 0-0 Be7 9. Nc3 0-0 10. Re1 h6 11. e4 Bh7 12. a3 Rc8 13. b4 a5 14. Bf4 Ra8 15. Ne5 Nb6 16. Qd3 axb4 17. axb4 Bxb4 18. Rab1 Qe7 19. Rb3 Na4 20. Bd2 Rfd8 21. Qc4 Bxc3 22. Bxc3 Nxc3 23. Qxc3 Ra7 24. h3 Qd6 25. Rb4 Nd7 26. Nxd7 Qxd7 27. Qc5 Rda8 28. Qb6 Bg6 29. Rd1 Bh5 30. Rd2 Ra1+ 31. Kh2 R8a7 32. Rbb2 R1a6 33. Qb4 Ra4 34. Qb6 R4a6 35. Qb4 Bg6 36. d5 cxd5 37. exd5 e5 38. d6 e4 39. Bxe4 Bxe4 40. Qxe4 Rxd6 41. Rxd6 Qxd6 42. Rxb7 Rxb7 43. Qxb7 g6 1/2-1/2

[Event "Mitropa Cup 32nd"]
[Site "Meissen"]
[Date "2013.06.03"]
[Round "3.4"]
[White "Ekstroem, Roland"]
[Black "Dvirnyy, Danyyil"]
[Result "1/2-1/2"]
[WhiteElo "2420"]
[BlackElo "2540"]
[PlyCount "84"]
[EventDate "2013.06.01"]
[EventType "team-tourn"]
[EventRounds "9"]
[EventCountry "GER"]
[SourceTitle "CBM 154 Extra"]
[Source "ChessBase"]
[SourceDate "2013.06.25"]
[SourceVersion "2"]
[SourceVersionDate "2013.06.25"]
[SourceQuality "1"]
[WhiteTeam "Switzerland"]
[BlackTeam "Italy"]
[WhiteTeamCountry "SUI"]
[BlackTeamCountry "ITA"]

1. d4 e6 2. Nf3 d5 3. g3 Nf6 4. Bg2 c5 5. 0-0 Nc6 6. c4 dxc4 7. Qa4 Bd7 8. dxc5 Na5 9. Qc2 Bxc5 10. Ne5 Nc6 11. Nxd7 Qxd7 12. Qxc4 Bb6 13. Bg5 Nd4 14. Nc3 Rc8 15. Qd3 0-0 16. Rad1 Rfd8 17. Bxf6 gxf6 18. Qe4 f5 19. Qxb7 Qd6 20. Kh1 Qb4 21. e3 Nb5 22. Nxb5 Qxb5 23. b3 Qe2 24. Rxd8+ Rxd8 25. a4 Qd2 26. Qe7 a5 27. g4 Qd3 28. Qg5+ Kf8 29. Qh6+ Ke7 30. Qxh7 fxg4 31. Qh4+ Kf8 32. Qxg4 Qxb3 33. Bf3 Qb2 34. Qe4 Rd5 35. Qb1 Rd2 36. Qxb2 Rxb2 37. Kg1 f5 38. Re1 f4 39. Re2 Rxe2 40. Bxe2 fxe3 41. fxe3 Bxe3+ 42. Kg2 Kg7 1/2-1/2

[Event "EU-ch 14th"]
[Site "Legnica"]
[Date "2013.05.16"]
[Round "11"]
[White "Ekstroem, Roland"]
[Black "Musialkiewicz, Jan"]
[Result "1/2-1/2"]
[WhiteElo "2461"]
[BlackElo "2256"]
[PlyCount "80"]
[EventDate "2013.05.05"]
[EventType "swiss"]
[EventRounds "11"]
[EventCountry "POL"]
[SourceTitle "CBM 155"]
[Source "ChessBase"]
[SourceDate "2013.07.16"]
[SourceVersion "1"]
[SourceVersionDate "2013.07.16"]
[SourceQuality "1"]

1. d4 d5 2. c4 c6 3. Nf3 Nf6 4. Qb3 dxc4 5. Qxc4 Bf5 6. g3 e6 7. Bg2 Nbd7 8. 0-0 Be7 9. Nc3 0-0 10. Re1 Ne4 11. Qb3 Qb6 12. Nh4 Qxb3 13. axb3 Bb4 14. Nxf5 exf5 15. Bxe4 fxe4 16. Bd2 Rfe8 17. Nxe4 Rxe4 18. Bxb4 Rxd4 19. Bc3 Rd6 20. Red1 Rxd1+ 21. Rxd1 Nf8 22. f3 f6 23. Kf2 Kf7 24. h4 h5 25. e4 Re8 26. Ra1 a6 27. Rd1 Re7 28. Bb4 Rd7 29. Rxd7+ Nxd7 30. Ke3 Ke6 31. Bc3 g6 32. g4 Nf8 33. Kf4 hxg4 34. Kxg4 Nd7 35. b4 Ne5+ 36. Kf4 Nf7 37. Kg4 Ne5+ 38. Kf4 Nf7 39. Kg4 Ne5+ 40. Kf4 Nf7 1/2-1/2

[Event "EU-ch 14th"]
[Site "Legnica"]
[Date "2013.05.14"]
[Round "9"]
[White "Pavlidis, Anastasios"]
[Black "Ekstroem, Roland"]
[Result "1-0"]
[WhiteElo "2360"]
[BlackElo "2461"]
[PlyCount "97"]
[EventDate "2013.05.05"]
[EventType "swiss"]
[EventRounds "11"]
[EventCountry "POL"]
[SourceTitle "CBM 155"]
[Source "ChessBase"]
[SourceDate "2013.07.16"]
[SourceVersion "1"]
[SourceVersionDate "2013.07.16"]
[SourceQuality "1"]

1. d4 Nf6 2. c4 d6 3. Nc3 e5 4. Nf3 Nbd7 5. e4 Be7 6. Be2 0-0 7. 0-0 c6 8. h3 a6 9. Be3 b5 10. a3 Bb7 11. Qc2 Rc8 12. Rfd1 Qc7 13. Rac1 Qb8 14. g4 Rfd8 15. g5 Ne8 16. Bf1 exd4 17. Nxd4 Ne5 18. Nf5 Bf8 19. cxb5 cxb5 20. Bg2 Nc7 21. Qe2 Nc4 22. Bf4 Ne6 23. Bg3 Kh8 24. h4 Re8 25. b3 Ne5 26. f4 Ng6 27. Qg4 Nc5 28. h5 Nxb3 29. hxg6 Nxc1 30. Rxc1 fxg6 31. Nh4 d5 32. f5 gxf5 33. exf5 Bd6 34. f6 Bxg3 35. f7 Re6 36. Qxe6 Bxh4 37. Rf1 Rf8 38. Qe7 h6 39. Rf3 d4 40. Rh3 Qd8 41. Qxd8 Rxd8 42. Bxb7 Bxg5 43. Rf3 Rf8 44. Ne4 Be3+ 45. Kf1 g5 46. Bd5 Kg7 47. Nc5 Bf4 48. Ne6+ Kxf7 49. Nxf4+ 1-0

[Event "EU-ch 14th"]
[Site "Legnica"]
[Date "2013.05.10"]
[Round "6"]
[White "Duman, Aydin"]
[Black "Ekstroem, Roland"]
[Result "1-0"]
[WhiteElo "2265"]
[BlackElo "2461"]
[PlyCount "131"]
[EventDate "2013.05.05"]
[EventType "swiss"]
[EventRounds "11"]
[EventCountry "POL"]
[SourceTitle "CBM 155"]
[Source "ChessBase"]
[SourceDate "2013.07.16"]
[SourceVersion "1"]
[SourceVersionDate "2013.07.16"]
[SourceQuality "1"]

1. e4 Nf6 2. e5 Nd5 3. d4 d6 4. Nf3 dxe5 5. Nxe5 c6 6. Be2 Bf5 7. 0-0 Nd7 8. Ng4 e6 9. c4 Bxg4 10. Bxg4 N5f6 11. Bf3 Bd6 12. Nc3 0-0 13. c5 Bc7 14. b4 Nd5 15. Nxd5 exd5 16. b5 Re8 17. g3 Nf8 18. bxc6 bxc6 19. Qa4 Qf6 20. Bg2 Rac8 21. Be3 Bb8 22. Rab1 h5 23. Qd1 h4 24. Qg4 hxg3 25. hxg3 Ne6 26. Bf3 g6 27. Kg2 Kg7 28. Rh1 Rh8 29. Rxh8 Rxh8 30. Rb7 Qf5 31. Bd1 Qxg4 32. Bxg4 Kf6 33. Bd1 Rc8 34. Bg4 Rh8 35. a4 g5 36. Kf3 Rg8 37. Bh5 Nc7 38. Ke2 Ke6 39. f4 g4 40. f5+ Kxf5 41. Bf4 Na6 42. Rxf7+ Ke6 43. Bxb8 Nxb8 44. Rxa7 Kf5 45. Re7 Kf6 46. Re8 Rg5 47. Rf8+ Ke7 48. Rxb8 Rxh5 49. a5 Rh2+ 50. Ke3 Kd7 51. a6 Ra2 52. Ra8 Kc7 53. Kf4 Ra4 54. Ke5 Ra3 55. Ra7+ Kb8 56. Rb7+ Ka8 57. Rg7 Re3+ 58. Kd6 Re4 59. Kxc6 Rxd4 60. Kd6 Ra4 61. Kxd5 Rxa6 62. Rxg4 Kb7 63. Rg7+ Kc8 64. g4 Kd8 65. g5 Ke8 66. c6 1-0

[Event "EU-ch 14th"]
[Site "Legnica"]
[Date "2013.05.08"]
[Round "4"]
[White "Ekstroem, Roland"]
[Black "Szostko, Jakub"]
[Result "1/2-1/2"]
[WhiteElo "2461"]
[BlackElo "1850"]
[PlyCount "100"]
[EventDate "2013.05.05"]
[EventType "swiss"]
[EventRounds "11"]
[EventCountry "POL"]
[SourceTitle "CBM 155"]
[Source "ChessBase"]
[SourceDate "2013.07.16"]
[SourceVersion "1"]
[SourceVersionDate "2013.07.16"]
[SourceQuality "1"]

1. d4 d5 2. Nf3 Nf6 3. c4 e6 4. Bg5 Bb4+ 5. Nbd2 0-0 6. e3 h6 7. Bh4 Nbd7 8. Bd3 dxc4 9. Bxc4 b6 10. 0-0 Bb7 11. Qa4 Be7 12. Rfd1 Ne4 13. Bxe7 Qxe7 14. Bb5 Nxd2 15. Rxd2 Nf6 16. Bc6 Bxc6 17. Qxc6 Qd6 18. Rc1 Qxc6 19. Rxc6 Rfc8 20. Rdc2 Ne8 21. Kf1 Kf8 22. Ne5 Ke7 23. Ke2 Rd8 24. h4 Rd6 25. R6c3 f6 26. Ng6+ Kd7 27. h5 c6 28. Nf4 Nc7 29. a3 Rc8 30. g4 Nd5 31. Nxd5 Rxd5 32. f4 Kd6 33. b4 a5 34. bxa5 Rxa5 35. Rb3 b5 36. Rbc3 Ra6 37. Kf3 Rca8 38. Ke4 Re8 39. Rc5 Re7 40. R2c3 Re8 41. f5 e5 42. d5 Ra4+ 43. Kf3 Rc4 44. R3xc4 bxc4 45. Rxc6+ Kxd5 46. Rc7 Ra8 47. Rd7+ Kc5 48. Rc7+ Kd5 49. Rd7+ Kc5 50. Rc7+ Kd5 1/2-1/2

[Event "SUI-chT"]
[Site "Switzerland"]
[Date "2013.03.17"]
[Round "1.5"]
[White "Ekstroem, Roland"]
[Black "Karl, Hans"]
[Result "1-0"]
[WhiteElo "2471"]
[BlackElo "2145"]
[PlyCount "67"]
[EventDate "2013.03.17"]
[EventType "team-tourn"]
[EventRounds "9"]
[EventCountry "SUI"]
[SourceTitle "CBM 153 Extra"]
[Source "ChessBase"]
[SourceDate "2013.04.22"]
[SourceVersion "1"]
[SourceVersionDate "2013.04.22"]
[SourceQuality "1"]
[WhiteTeam "Reti"]
[BlackTeam "Mendrisio"]
[WhiteTeamCountry "SUI"]
[BlackTeamCountry "SUI"]

1. d4 Nf6 2. Nf3 d5 3. c4 c6 4. Qb3 dxc4 5. Qxc4 Bf5 6. g3 e6 7. Bg2 Nbd7 8. 0-0 Be7 9. Nc3 Ne4 10. Qb3 Qb6 11. Nh4 Qxb3 12. axb3 Bxh4 13. gxh4 Ndf6 14. f3 Nxc3 15. bxc3 0-0 16. e4 Bg6 17. c4 Rfd8 18. Be3 a6 19. Ra5 h6 20. Rfa1 Rd7 21. Bh3 Re7 22. b4 Rc8 23. Kf2 Rd8 24. R1a2 Nd7 25. b5 axb5 26. cxb5 b6 27. Ra8 Nb8 28. Bf4 Ree8 29. Rxb8 Rxb8 30. Bxb8 Rxb8 31. bxc6 Kf8 32. h5 Bh7 33. d5 Ke7 34. Ra7+ 1-0